000 02412cam a2200445 i 4500
001 21334066
003 NUST
005 20220825105426.0
008 191212t20182018nyua b 001 0 eng d
010 _a 2019275018
020 _a9780999191316
_q(hardcover)
020 _a0999191314
_q(hardcover)
035 _a(OCoLC)on1027834227
038 _aAzhar
040 _aYDX
_beng
_cYDX
_erda
_dBDX
_dOQX
_dOCLCF
_dDON
_dDLC
042 _alccopycat
050 0 0 _aHD31.2
_b.M89 2018
082 0 4 _a658.407
_223
_bMUZ
100 1 _aMuzio, Edward G.
_q(Edward Gregory),
_d1974-
_eauthor.
_994923
245 1 0 _aIterate :
_brun a fast, flexible, focused management team
_cEd Muzio.
250 _aFirst edition.
260 _aNew York, New York :
_bAn Inc. Original,
_c2018
264 4 _c©2018
300 _axxiii, 212 pages :
_bcolor illustrations ;
_c24 cm
336 _atext
_btxt
_2rdacontent
336 _astill image
_bsti
_2rdacontent
337 _aunmediated
_bn
_2rdamedia
338 _avolume
_bnc
_2rdacarrier
504 _aIncludes bibliographical references (pages 194-199) and index.
505 0 _aChapter 1: The best next step -- Chapter 2: Five key management practices -- Chapter 3: Output & status broadcasting -- Chapter 4: Work preview meetings -- Chapter 5: Group decision-making -- Chapter 6: Linked teams -- Chapter 7: Front line self-sufficiency -- Chapter 8: Understand, assess, and improve.
520 _a"This book is a guide to the iterative organization, the only kind of organization that can learn and adapt fast enough to keep up in today's world. For anyone running a team of managers, or advising someone who does, it describes the fundamental behaviors that create iteration, explains how to implement them, and includes videos and online assessment to get the process started. Iterate defines what management really is and helps readers create a fast, flexible, focused management team that does it well."--Publisher description.
650 0 _aManagement.
650 0 _aExecutives
_xPersonnel management.
_994924
650 0 _aTeams in the workplace
_xManagement.
_994925
650 7 _aManagement.
_2fast
_0(OCoLC)fst01007141
_998499
650 7 _aTeams in the workplace
_xManagement.
_2fast
_0(OCoLC)fst01144690
_994925
906 _a7
_bcbc
_ccopycat
_d2
_encip
_f20
_gy-gencatlg
942 _2ddc
_cLC
999 _c590580
_d590580